LEADER 01365nam a2200301 u 4500 001 000000091922 003 CaOOAMICUS 005 20070226124901.0 008 060329m19959999sp a u000 u spa u 020 $a8470503960 (v. 1) 035 $a11083791 040 $aPUL(R)$bita 100 1 $aLobato, Abelardo,$cO.P.$0(OLS)http://pul/name/27129 245 13$aEl hombre en cuerpo y alma /$cAbelardo Lobato, Armando Segura, Eudaldo Forment. 260 $aValencia :$bEDICEP,$c<1995 >. 300 $av. <1 > :$bill. ;$c23 cm 490 1 $aEl pensamiento de Santo Tomas de Aquino para el hombre de hoy ;$v1 600 04$aThomas Aquinas,$cs.,$dc. 1225-1274.$0(OLS)http://pul/subject/448 700 1 $aForment Giralt, Eudald.$0(OLS)http://pul/name/38055 700 1 $aSegura, Armando.$0(OLS)http://pul/name/24675 830 3$aEl pensamiento de Santo Tomas de Aquino para el hombre de hoy ;$v1.$0(OLS)http://pul/title/118650 850 $aPUL 852 $aPUL$W1$xDP1 Fondo Seidl$y56$m3 C 36/1$j115691$nBK-PRI$b $qFondi$B115691$CPULBib$Z2$F115691 $H $81 941 1 $a1 960 $aTommaso d'Aquino,$cs.,$d1225-1274$9448 996 $6020$a8470503960 (v. 1)$9(OLS)http://pul/number/120560 996 $6245$aEl hombre en cuerpo y alma$9(OLS)http://pul/title/118649 996 $6260$aValencia :$bEDICEP$9(OLS)http://pul/publisher/75730 LEADER 01383nam a2200325 u 4500 001 000000092585 003 CaOOAMICUS 005 20070226124944.0 008 060705s1991 ne u000 u eng u 020 $a0792310446 035 $a11095121 040 $aPUL$bita 245 00$aLogic and ethics /$cedited by Peter Geach, with the editorial assistance of Jacek Holowka. 260 $aDordrecht :$bKluwer Academic Publishers ;$aBoston ,$cc1991. 300 $avi, 318 p. ;$c25 cm 490 1 $aNijhoff international philosophy series ;$v41 500 $aIndici: p. 303-318. 504 $aBibliografia in nota. 650 4$aLogica.$0(OLS)http://pul/subject/441 650 4$aEtica.$0(OLS)http://pul/subject/547 700 1 $aHolowka, Jacek.$0(OLS)http://pul/name/59692 700 1 $aGeach, Peter.$0(OLS)http://pul/name/52496 830 0$aNijhoff international philosophy series ;$v41.$0(OLS)http://pul/title/119475 850 $aPUL 852 $aPUL$W1$xSL Filosofia 3$y81$m160 GEAPE 1$j116435$nBK-PRI$b $qDDC 21$B116435$CPULBib$Z2$F116435 $HPUL101517 $81 941 1 $a9 996 $6020$a0792310446$9(OLS)http://pul/number/121682 996 $6245$aLogic and ethics$9(OLS)http://pul/title/119474 996 $6260$aDordrecht :$bKluwer Academic Publishers$9(OLS)http://pul/publisher/64503 996 $6260$aBoston $9(OLS)http://pul/publisher/79112